Divine daughters : (Record no. 1120)

MARC details
000 -LEADER
fixed length control field 00827cam a2200277 a 4500
005 - DATE AND TIME OF LATEST TRANSACTION
control field 20260322212047.0
008 - FIXED-LENGTH DATA ELEMENTS--GENERAL INFORMATION
fixed length control field data
010 ## - LIBRARY OF CONGRESS CONTROL NUMBER
LC control number 98045046
020 ## - INTERNATIONAL STANDARD BOOK NUMBER
International Standard Book Number 0062514261 (paper)
020 ## - INTERNATIONAL STANDARD BOOK NUMBER
International Standard Book Number 9780062514264 (paper)
040 ## - CATALOGING SOURCE
Original cataloging agency DLC
Transcribing agency DLC
Modifying agency DLC
043 ## - GEOGRAPHIC AREA CODE
Geographic area code n-us-pa
-- n-us-pa
050 00 - LIBRARY OF CONGRESS CALL NUMBER
Classification number E185.97.B14
Item number A3 1999
082 00 - DEWEY DECIMAL CLASSIFICATION NUMBER
Classification number B
-- B
Edition information 21
001 - CONTROL NUMBER
control field data
100 1# - MAIN ENTRY--PERSONAL NAME
Personal name Bagby, Rachel L.
245 10 - TITLE STATEMENT
Title Divine daughters :
Remainder of title liberating the power and passion of women's voices /
Statement of responsibility, etc. Rachel L. Bagby.
250 ## - EDITION STATEMENT
Edition statement 1st ed.
260 ## - PUBLICATION, DISTRIBUTION, ETC.
Place of publication, distribution, etc. San Francisco :
Name of publisher, distributor, etc. HarperSanFrancisco,
Date of publication, distribution, etc. c1999.
300 ## - PHYSICAL DESCRIPTION
Extent 279 p. ;
Dimensions 20 cm.
600 10 - SUBJECT ADDED ENTRY--PERSONAL NAME
Personal name Bagby, Rachel L.
600 10 - SUBJECT ADDED ENTRY--PERSONAL NAME
Personal name Bagby, Rachel L.
General subdivision Family.
650 #0 - SUBJECT ADDED ENTRY--TOPICAL TERM
Topical term or geographic name entry element African American women
Form subdivision Biography.
650 #0 - SUBJECT ADDED ENTRY--TOPICAL TERM
Topical term or geographic name entry element Daughters
Form subdivision Biography.
Geographic subdivision United States
651 #0 - SUBJECT ADDED ENTRY--GEOGRAPHIC NAME
Geographic name Philadelphia (Pa.)
Form subdivision Biography.
Holdings
Withdrawn status Lost status Damaged status Not for loan Home library Current library Shelving location Date acquired Total checkouts Full call number Barcode Date last seen Price effective from Koha item type
        Centerville Centerville General stacks 22/03/2026   973/.0496073/00922 B 21 BC0011156 22/03/2026 22/03/2026 Books